| 000 | 01094nam a2200121Ia 4500 | ||
|---|---|---|---|
| 008 | 220615s9999||||xx |||||||||||||| ||und|| | ||
| 100 | _aKaustav Majumder (Ed.) | ||
| 245 | 0 | _aImpact of Bioactive Peptides on Human Health | |
| 546 | _aEnglish[eng] | ||
| 650 | _awhich prevent the occurrence of chronic diseases through their impacts on the gastrointestinal||immune||bioavailability||and the modulation of human nutrition.||and nervous systems. Further bioactive peptide discoveries are essential for maintaining human health and commercial development in the area of functional foods and nutraceuticals. This Special Issue covers a wide range of research topics specifically on food-derived bioactive proteins and peptides including the in-vitro and in-vivo evaluation of biological activities||the effect on chronic diseases||Food-derived bioactive peptides or dietary peptides are increasingly becoming recognized as major food compounds for human health promotion||intestinal absorption||cardiovascular||bio-accessibility | ||
| 856 | _uhttps://www.mdpi.com/books/pdfview/book/1142 | ||
| 942 | _cEB | ||
| 999 |
_c8692 _d8692 |
||